Khoa học lịch sử hoạt động của thế giới: Bước đi của Nhật Bản

Gardado en:
Detalles Bibliográficos
Formato: Libro
Các nhãn: Engadir etiqueta
Sen Etiquetas, Sexa o primeiro en etiquetar este rexistro!
Thư viện lưu trữ: Mạng thư viện Đại học Đà Nẵng
LEADER 00464nam a22001691a 4500
001 000040363
003 16658
005 20160412022917.0
008 160412s0 000
082 |a 4N(TK)2130-31 
245 |a Khoa học lịch sử hoạt động của thế giới: Bước đi của Nhật Bản 
OWN |a LNN 
999 |a From the UDN01 
TYP |a Monograph 
980 |a Mạng thư viện Đại học Đà Nẵng